Sports Quiz

Random Sports or Baseball Quiz

MLB Active Hits Leaders Snapshots Quiz Stats

 Plays Quiz Updated Jun 27, 2012

Challenge
Share
Tweet
Embed
Score 0/110 Timer 15:00
7 Plays Today
Year Player % Correct
2011Derek Jeter
98.1%
2011Alex Rodriguez
88%
2011Ivan Rodriguez
87.5%
2006Ivan Rodriguez
87.5%
2011Chipper Jones
85.5%
2006Barry Bonds
84.7%
2001Barry Bonds
84.7%
2001Cal Ripken
82.7%
1996Cal Ripken
82.7%
2006Craig Biggio
81.4%
2011Ichiro Suzuki
80.3%
2001Tony Gwynn
76.8%
1996Tony Gwynn
76.8%
1986Pete Rose
75.9%
1981Pete Rose
75.9%
1976Pete Rose
75.9%
2006Bernie Williams
70.9%
1976Billy Williams
70.9%
1976Hank Aaron
69.4%
1971Hank Aaron
69.4%
1966Hank Aaron
69.4%
1991George Brett
68.1%
1991Robin Yount
65.9%
1971Willie Mays
64.8%
1966Willie Mays
64.8%
2006Ken Griffey, Jr.
64.5%
1991Ken Griffey, Sr.
64.2%
1961Stan Musial
62.6%
1996Paul Molitor
59.9%
1966Mickey Mantle
59.9%
2006Luis Gonzalez
59.1%
1981Carl Yastrzemski
58.9%
1976Carl Yastrzemski
58.9%
1996Wade Boggs
58.9%
1971Roberto Clemente
58.2%
1966Roberto Clemente
58.2%
1976Frank Robinson
57.9%
Year Player % Correct
1971Frank Robinson
57.9%
1976Brooks Robinson
57.9%
1971Brooks Robinson
57.9%
1981Lee May
57.8%
1971Ernie Banks
57.5%
1966Ernie Banks
57.5%
1996Eddie Murray
56.5%
1991Eddie Murray
56.5%
2011Vladimir Guerrero
54.4%
1996Ozzie Smith
52.9%
2001Rafael Palmeiro
52.2%
2011Manny Ramirez
50.7%
1986Reggie Jackson
48.8%
2001Rickey Henderson
48.5%
1996Rickey Henderson
48.5%
1986Jim Rice
48.3%
2011Johnny Damon
47.7%
1981Joe Morgan
47.7%
2001Roberto Alomar
47.2%
1991Dave Winfield
46.2%
2011Omar Vizquel
45.7%
2006Omar Vizquel
45.7%
1971Al Kaline
45.1%
1966Al Kaline
45.1%
1981Willie Stargell
44.8%
1981Rod Carew
44.7%
1961Yogi Berra
40.9%
2006Gary Sheffield
40.9%
1996Andre Dawson
40.5%
1991Andre Dawson
40.5%
1986Buddy Bell
36.9%
1991Carlton Fisk
36.6%
1966Eddie Mathews
36.4%
1976Lou Brock
36.3%
1986Tony Perez
35.9%
1981Tony Perez
35.9%
1991Dwight Evans
33.8%
Year Player % Correct
1961Duke Snider
32%
1996Alan Trammell
31.3%
2001Harold Baines
30%
1996Harold Baines
30%
1961Nellie Fox
29.1%
2011Bobby Abreu
28.4%
1986Steve Garvey
27.2%
2001Mark Grace
26.2%
1976Willie Davis
26%
1976Tommy Davis
26%
1986Dave Concepcion
24.8%
1991Dave Parker
23.4%
1961Richie Ashburn
20.5%
2001Tim Raines
19.9%
1971Luis Aparicio
18.7%
1986Bill Buckner
17.4%
1971Orlando Cepeda
17.2%
1961Gil Hodges
17%
1976Joe Torre
16.5%
2006Steve Finley
16.5%
2006Julio Franco
15.7%
1981Rusty Staub
14.5%
2001Tony Fernandez
14.4%
1986Graig Nettles
11.2%
1986Ted Simmons
10.2%
1961Red Schoendienst
10.1%
1981Al Oliver
9.2%
1966Ken Boyer
8.4%
1961Minnie Minoso
7.5%
1971Vada Pinson
6.4%
1991Willie Randolph
6.2%
1981Bert Campaneris
5.5%
1966Dick Groat
4.3%
1961Ted Kluszewski
3.9%
1966Harvey Kuenn
3%
1961Eddie Yost
2.2%

You're not logged in!

Compare scores with friends on all Sporcle quizzes.
OR
Log In

You Might Also Like...

Show Comments

Extras

Top Quizzes Today


Score Distribution

Your Account Isn't Verified!

In order to create a playlist on Sporcle, you need to verify the email address you used during registration. Go to your Sporcle Settings to finish the process.

Report this User

Report this user for behavior that violates our Community Guidelines.

Details: